000 00941cam a2200181 4500
001 WB3903-08
008 030122n2003 000 0 eng u
035 _a(Sirsi) u121095
245 _aRightmove reports house price slowdown
260 _c2003
490 _aRightmove Press Release
_v January 2003, (1)
520 _aRightmove has published their January "Real-time property report" which shows an overall national decrease in asking prices of 0.4%, after reduced activity in the housing market over the Christmas period. This is smaller than the decrease of January 2002, and year-on-year growth rate has increased to 26.5%. Copies of the full report are available from www.rightmove.co.uk/rm/s/rm or [email protected] www.rightmove.co.uk/rm/s/rm/template/publicsite%2Cgeneric%2CPress.vm/nc/1043244512929/svr/1033
590 _aWB
650 _aHOUSE PRICES
650 _aRESIDENTIAL MARKET
690 _aHOUSING
942 _n0
999 _c71955
_d71955